| 000 | 00638nam a22002177a 4500 | ||
|---|---|---|---|
| 003 | UA-OsUOA | ||
| 001 | 61826 | ||
| 007 | ta | ||
| 008 | 20090716b un ||||| |||| 00| 0 ukr d | ||
| 100 | _aМельков А.С. | ||
| 090 |
_a2 _bМ48 |
||
| 942 | _cSA | ||
| 040 |
_aUA-OsUOA _brus _cUA-OsUOA _dUA-OsUOA |
||
| 245 | _aПротоирей А.В. Горский как церковный историк, богослов и археограф | ||
| 300 | _aС.171-185 | ||
| 955 | _a0 | ||
| 041 | _arus | ||
| 080 | _a2 | ||
| 773 | 0 |
_w61821 _tЦерьковь и время _dМ. _d2009 _g1 |
|
| 650 | 7 |
_a2 Релігія. Теологія. _2UDC |
|
| 999 |
_c347665 _d347665 |
||